000 00364nab a22001097u 4500
008 130520b2004 xxu||||| |||| 00| 0 spa d
041 _aspa
100 1 _aÁlvarez de los Mozos, Patxi
_970697
245 0 0 _aPerversiones del descanso cristiano
_cPatxi Álvarez De Los Mozos
773 0 _tSal Terrae
_gV.92, nº1079,2004,págs. 495-506
_x0211-4569
_wRev410
942 _cAR
999 _c369835
_d369835